Postavenie Strednej Ázie v čínskom projekte Belt and Road Initiative bakalárska práca

Gespeichert in:
Bibliographische Detailangaben
1. Verfasser: Kádek, Jakub
Körperschaft: Obchodná fakulta EU. Katedra medzinárodného obchodu
Weitere Verfasser: Drieniková, Kristína, 1982-
Format: Buch
Sprache:Slowakisch
Veröffentlicht: Bratislava 2021
Tags: Tag hinzufügen
Keine Tags, Fügen Sie das erste Tag hinzu!

MARC

LEADER 00000nbm a2200000 4500
001 0276049
005 20220209124252.6
041 0 |a slo 
044 |a SK 
245 1 0 |a Postavenie Strednej Ázie v čínskom projekte Belt and Road Initiative  |b bakalárska práca  |c Jakub Kádek ; školiteľ: Kristína Drieniková 
264 1 |a Bratislava  |c 2021 
300 |a 58 s. 
100 1 |a Kádek, Jakub 
700 1 |a Drieniková, Kristína, 1982- 
710 2 |a Obchodná fakulta EU. Katedra medzinárodného obchodu